| 000 | 005740000a22001690004500 | ||
|---|---|---|---|
| 060 | _a115 | ||
| 082 | _a582.130 419 296 SMI | ||
| 100 | _aSmith, H. | ||
| 245 | _aRegulation of enzyme synthesis and activity in higher plants; proceedings of the phytochemical society symposium | ||
| 260 | _aLondon, Academic press | ||
| 260 | _c1977 | ||
| 300 | _a388 | ||
| 490 | _aAnnual proceedings of the phytochemical society No.14 | ||
| 490 |
_aNo.14 _cAnnual procedings of the phytochemical society No.14 |
||
| 650 | _aEnzyme synthesis - regulation/ higher plants | ||
| 942 | _cBK | ||
| 999 |
_c352713 _d352713 |
||